| 000 | 00692nam a2200181Ia 4500 | ||
|---|---|---|---|
| 008 | 090201s9999 xx 000 0 und d | ||
| 010 | _aKPL-72584 | ||
| 040 | _bमराठी | ||
| 041 | _aमराठी | ||
| 082 |
_a52864 _b72584 |
||
| 100 | _aअरुण सारथी | ||
| 245 |
_aपंडित जवाहरलाल नेहरू: खिलाफत ते काश्मीर _cअरुण सारथी |
||
| 250 | _a1 | ||
| 260 |
_c2006 _bअस्मिता प्रकाशन |
||
| 300 |
_a291 _bमध्यम |
||
| 600 | _aपंडित जवाहरलाल नेहरू: खिलाफत ते काश्मीर | ||
| 942 | _cBOOK | ||
| 999 |
_c249298 _d249298 |
||